Trouble at the mill: (Record no. 159688)

MARC details
000 -LEADER
fixed length control field 00727nam a22001937a 4500
005 - DATE AND TIME OF LATEST TRANSACTION
control field 20181231113158.0
010 ## - LCCN (DPL NO)
LC control number ENG-124612
020 ## - INTERNATIONAL STANDARD BOOK NUMBER
International Standard Book Number 9780199474424
Terms of availability 1195.00
035 ## - SYSTEM CONTROL NUMBER
System control number EN-108144
037 ## - SOURCE OF ACQUISITION
Source of stock number/acquisition DBAD/PUB
082 ## - DEWEY DECIMAL CLASSIFICATION NUMBER
Classification number 344.540465
100 ## - MAIN ENTRY--PERSONAL NAME
Personal name Sarkar, Aditya
245 ## - TITLE STATEMENT
Title Trouble at the mill:
Statement of responsibility, etc by Aditya Sarkar
Remainder of title factory law and the emergence of the labour question in late nineteenth-century bombay/
260 ## - PUBLICATION, DISTRIBUTION, ETC. (IMPRINT)
Place of publication, distribution, etc New Delhi
Name of publisher, distributor, etc Oxford University Press
Date of publication, distribution, etc 2018
270 ## - ADDRESS
City New Delhi
Postal code 110002
Address 2/11 Ground Floor, Ansari Road, Daryaganj,
300 ## - PHYSICAL DESCRIPTION
Extent xii,360p.
Dimensions 22cm.(Hb)
500 ## - GENERAL NOTE
General note It includes conclusion, select bibliography, index and about the author
942 ## - ADDED ENTRY ELEMENTS (KOHA)
Source of classification or shelving scheme Dewey Decimal Classification
Item type English Books
Classification part 344.540465
Call number suffix SAR
Holdings
Withdrawn status Lost status Not for loan Collection code Home library Current library Date acquired Source of acquisition Cost, normal purchase price Full call number Barcode Copy number Cost, replacement price Koha item type
    Not For Loan Non-fiction D.B.Act.Division Bawana 31/12/2018 DBAD/PUB 1195.00 344.540465 SAR EN-108144 1 1195.00 English Books

© Delhi Public Library
Hit Counter
free hit counter